Clear and Present Danger Test: la Libertad de expresión en los límites de la democracia.

Guardado en:
Detalles Bibliográficos
Autor principal: Arias Castaño, Abel
Formato: Desconocido
Lenguaje:inglés
español
Publicado: Madrid, España Marcial Pons 2018
Edición:Primera edición
Colección:Teoría Constitucional y Derecho
Materias:
Etiquetas: Agregar Etiqueta
Sin Etiquetas, Sea el primero en etiquetar este registro!

MARC

LEADER 00000 a2200000 4500
003 CL-VaPUC
005 20210831074601.0
008 200110b ||||| |||| 00| 0 eng d
999 |c 376093  |d 376091 
020 |a 9788491234685 
040 |c Pontificia Universidad Católica de Valparaíso 
041 0 |a spa 
082 |a 342.0853 ARI 2018 
100 1 |a Arias Castaño, Abel  |9 605010 
245 1 0 |a Clear and Present Danger Test:  |b  la Libertad de expresión en los límites de la democracia. 
250 |a Primera edición 
260 3 |b Marcial Pons  |c 2018  |a Madrid, España 
300 |a 261 p 
490 0 0 |a Teoría Constitucional y Derecho 
505 0 |a Parte I. Los antecedentes de la teoría del Clear and Present Danger. Parte II. El modelo originario de la teoría del Clear and Present Danger. Parte III. Los otros modelos de la teoría del Clear and Present Danger. 
583 |k Hugo Gaete  |c 20200110 
650 0 0 |a Derecho constitucional   |9 222588 
650 0 0 |a Libertad de expresión   |9 329993 
650 0 0 |a Derechos humanos  |9 223025 
942 |2 ddc  |c BK 
952 |0 0  |1 0  |2 ddc  |4 0  |6 342_085300000000000_ARI_2018  |7 0  |9 495267  |a BIBDER  |b BIBDER  |d 2020-01-02  |e 36  |g 18476.00  |i 5569044  |o 342.0853 ARI 2018  |p 5569044  |r 2023-01-25  |t 1  |v 18476.00  |w 2020-01-02  |y BK  |k DER